00594nam a22002297a 450000500170000001000130001702000100003003500130004003700160005304000120006908200110008110000160009224500960010825000120020426000440021627000130026030000200027365000230029365000130031670000170032970000180034620170124110121.0 aA-839741 c00.00 aA-839741 bCen Lib/Ret aDPLbEN aSbSHE aSheng, Hong aThe palace of enternal youth /cby Hong Sheng; translated by Yang Xlanyi [and] Gladys Yang  a2nd ed. bForeign Language Press c1980aBeijing  bBeijing  a281p.c19cm(Hb) aChinese literature aStories  aXianyi, Yang aYang, Gladys